000 01094nac a22003377a 4500
001 BR6500182
003 BR-BrBNA
005 20240105113301.0
008 230509b bl.|||m| |||| 00| 0 por d
040 _aBR-BrBNA
_bpor
_cBiblioteca Nacional de Agricultura
072 _aA50; F00
090 _a0430 BR6500182
100 1 _aCavaleri, P.A.
100 1 _aFerraz, C.M.
100 1 _aGrid-Papp, I.L.
100 1 _aFuzatto, M.G.
110 1 _aInstituto Agronomico, Campinas, SP (Brasil)
245 1 _aO Instituto Agronomico e o algodao [Gossypium spp; Instituto de pesquisa; Melhoramento vegetal; Pratica cultural; Campinas; Sao Paulo; Brasil]
260 3 _aCampinas, SP (Brasil):
_c1965.
300 _a15 p.
490 _aBoletim - Instituto Agronomico (Brazil)
_vno. 157
_xISSN 0375-1538
650 _aALGODAO
650 _aINSTITUICAO DE PESQUISA
650 _aPESQUISA AGRICOLA
650 _aMELHORAMENTO VEGETAL
650 _aPRATICA CULTURAL
650 _aCAMPINAS
650 _aSAO PAULO
909 _a202312
_bLúcia Elande
_c55
_dLúcia Elande
942 _2AGRIS
_n0
_cMS
999 _c262876
_d262876